| 000 | 00583nam a22001937a 4500 | ||
|---|---|---|---|
| 005 | 20251108165030.0 | ||
| 008 | 250721s1982 xx 000 0 ara d | ||
| 082 | 1 | 4 | _a216.1/محم |
| 100 | 1 | _aالشعراوي، محمد متولي | |
| 245 | 1 | 0 | _aانت تسأل و الإسلام يجيب / |
| 264 | 1 |
_aبورسعيد : _bدار المسلم، _c1982-1983. |
|
| 300 | _a10ج | ||
| 500 | _aيوجد نسخه في المراجع | ||
| 650 | 1 | 7 | _aالإسلام |
| 650 | 1 | 7 | _aالفقه الإسلامي |
| 650 | 1 | 7 | _aأصول الفقه |
| 942 |
_2ddc _cBK |
||
| 999 |
_c20440 _d20440 |
||